Del roig al groc. Barcelona, 1868-1871 : quintes i epidèmies / Francesc Bonamusa, Joan Serrallonga quintes i epidèmies / Francesc Bonamusa, Joan Serrallonga
Descripción Física:
250 p. . il. ; 23 cm
Colección:
Història local ; 3
Otros Autores:
Serrallonga i Urquidi, Joan, 1953-
MARC
| LEADER | 00000nam a2200000Ia 4500 | ||
|---|---|---|---|
| 001 | 11104 | ||
| 008 | 160829s9999 xx 000 0 cat d | ||
| 080 | |a H-1-109 | ||
| 100 | |a Bonamusa, Francesc |9 36018 | ||
| 245 | |a Del roig al groc. Barcelona, 1868-1871 : |b quintes i epidèmies / Francesc Bonamusa, Joan Serrallonga | ||
| 260 | |a Barcelona : |b l'Avenç : |b Diputació de Barcelona, DL 1995 | ||
| 300 | |a 250 p. . il. ; |c 23 cm | ||
| 490 | |a Història local ; 3 | ||
| 590 | |a Premi Ciutat de Barcelona 1992, Agustí Duran i Sanpere. Història de Barcelona. | ||
| 650 | |a Febre groga |x Barcelona |x Història |x S. XIX |9 36019 | ||
| 650 | |a Epidèmies |x Barcelona |x Història |x S. XIX |9 36020 | ||
| 650 | |a Reclutament i allistament |x Barcelona |x Història |x S. XIX |9 36021 | ||
| 700 | |a Serrallonga i Urquidi, Joan, |d 1953- |9 35246 | ||
| 710 | 1 | |a Barcelona (Catalunya : Província). |b Diputació |9 52408 | |
| 901 | |a Arxiu | ||
| 942 | |n 1 | ||
| 952 | |0 0 |1 0 |4 0 |6 H1109 |7 1 |9 47153 |a Arxiu |b Arxiu |d 2016-12-01 |l 0 |o H-1-109 |p 11104 |r 2016-12-01 00:00:00 |w 2016-12-01 |y ARXIU | ||
| 999 | |c 50950 |d 50950 | ||